[Event "GBR-ch111 Major Open"]
[Site "Liverpool"]
[Date "2025.08.09"]
[Round "8.10"]
[White "Rushbrooke, Remy"]
[Black "Sugden, John N"]
[Result "1-0"]
[WhiteElo "2090"]
[BlackElo "1920"]
[PlyCount "53"]
[EventDate "2025.08.02"]
[EventType "swiss"]
[EventRounds "9"]
[EventCountry "GBR"]
[SourceTitle "BritBase"]
[Source "John Saunders"]
[SourceDate "2025.08.11"]
[SourceVersion "1"]
[SourceVersionDate "2025.08.11"]
[SourceQuality "1"]

1. Nf3 Nf6 2. g3 c5 3. Bg2 d5 4. O-O Nc6 5. d4 e6 6. c4 dxc4 7. dxc5 Qxd1 8. Rxd1 Bxc5 9. Nbd2 Ke7 10. Nxc4 Rd8 11. Rxd8 Kxd8 12. b3 Ne4 13. e3 f6 14. Nfe5 Nxe5 15. Nxe5 Nxf2 16. Kxf2 fxe5 17. Bb2 Bd6 18. Be4 Ke7 19. Bxh7 Bd7 20. Be4 Rf8+ 21. Kg2 b6 22. Rc1 Bb5 23. a4 Be2 24. h3 g5 25. Re1 Ba6 26. Rd1 Be2 27. Rxd6 1-0

[Event "GBR-ch111 Major Open"]
[Site "Liverpool"]
[Date "2025.08.09"]
[Round "8.11"]
[White "Jaunooby, Ali Reza"]
[Black "Rughani, Mahin"]
[Result "0-1"]
[WhiteElo "2082"]
[BlackElo "1906"]
[PlyCount "62"]
[EventDate "2025.08.02"]
[EventType "swiss"]
[EventRounds "9"]
[EventCountry "GBR"]
[SourceTitle "BritBase"]
[Source "John Saunders"]
[SourceDate "2025.08.11"]
[SourceVersion "1"]
[SourceVersionDate "2025.08.11"]
[SourceQuality "1"]

1. d4 d5 2. c4 e6 3. Nf3 Nf6 4. Bg5 dxc4 5. Qa4+ Nbd7 6. Nc3 c5 7. d5 exd5 8. Nxd5 Be7 9. Nxe7 Qxe7 10. e3 O-O 11. Qxc4 a6 12. Be2 b5 13. Qc3 Bb7 14. Rc1 Qe6 15. Qa5 Ne4 16. Bf4 Ndf6 17. h3 Nd5 18. Bh2 Nxf2 19. Kxf2 Qxe3+ 20. Kg3 Qxe2 21. Rxc5 Nf6 22. Re1 Ne4+ 23. Kf4 Qd3 24. Re5 Qd6 25. Ke3 Qg6 26. Qc7 Rab8 27. Re7 Qxg2 28. Re2 Qxh3 29. Qxb8 Rxb8 30. Bxb8 Qc8 31. Be5 Qc5+ 0-1

[Event "GBR-ch111 Major Open"]
[Site "Liverpool"]
[Date "2025.08.09"]
[Round "8.12"]
[White "Keely, Leo A"]
[Black "Bhatia, Kanishka"]
[Result "0-1"]
[WhiteElo "1906"]
[BlackElo "2067"]
[PlyCount "128"]
[EventDate "2025.08.02"]
[EventType "swiss"]
[EventRounds "9"]
[EventCountry "GBR"]
[SourceTitle "BritBase"]
[Source "John Saunders"]
[SourceDate "2025.08.11"]
[SourceVersion "1"]
[SourceVersionDate "2025.08.11"]
[SourceQuality "1"]

1. e4 e5 2. f4 d5 3. exd5 exf4 4. Nf3 Nf6 5. Bc4 Nxd5 6. Bxd5 Qxd5 7. O-O Nc6 8. Nc3 Qh5 9. d4 Bg4 10. Qe2+ Be7 11. Re1 O-O 12. Bxf4 Bf6 13. Qe4 Bxf3 14. gxf3 Nxd4 15. Re3 c6 16. Bd6 Rfd8 17. Bc7 Rdc8 18. Rd1 h6 19. Bg3 Nf5 20. Red3 Re8 21. Qg4 Qxg4 22. fxg4 Ne3 23. R1d2 Nxg4 24. Rd7 Rad8 25. h3 Ne3 26. Ne4 Rxe4 27. Rxd8+ Bxd8 28. Rxd8+ Kh7 29. Rd7 Nf5 30. Bb8 Re7 31. Rxe7 Nxe7 32. Bxa7 g5 33. Bc5 Nd5 34. a4 Kg6 35. b4 Nc3 36. a5 Kf5 37. Kg2 Ke4 38. Bf8 h5 39. Bh6 f6 40. Bg7 Nd5 41. c4 Nxb4 42. Bxf6 g4 43. hxg4 hxg4 44. Kg3 Kd3 45. Kxg4 Kxc4 46. Kf3 Kb5 47. Bd8 Na6 48. Ke3 Nc5 49. Be7 Nb3 50. Kd3 Nxa5 51. Kc3 c5 52. Bf8 Kc6 53. Bg7 b5 54. Kb2 b4 55. Bf8 Kb5 56. Be7 c4 57. Bf6 Nb7 58. Bg7 Nc5 59. Kc2 Na4 60. Bf6 b3+ 61. Kb1 c3 62. Bg7 Kc4 63. Bh6 c2+ 64. Kc1 Kd3 0-1

[Event "GBR-ch111 Major Open"]
[Site "Liverpool"]
[Date "2025.08.09"]
[Round "8.13"]
[White "Terler, Bohdan"]
[Black "Lukhi, Neev"]
[Result "1-0"]
[WhiteElo "1974"]
[BlackElo "1869"]
[PlyCount "63"]
[EventDate "2025.08.02"]
[EventType "swiss"]
[EventRounds "9"]
[EventCountry "GBR"]
[SourceTitle "BritBase"]
[Source "John Saunders"]
[SourceDate "2025.08.11"]
[SourceVersion "1"]
[SourceVersionDate "2025.08.11"]
[SourceQuality "1"]

1. e4 e6 2. d4 d5 3. Nd2 dxe4 4. Nxe4 Nd7 5. Nf3 Ngf6 6. Nxf6+ Nxf6 7. Be3 Be7 8. Bd3 O-O 9. Qe2 b6 10. O-O-O a5 11. Ne5 Bb7 12. Kb1 a4 13. a3 Qc8 14. Rhg1 c5 15. dxc5 Bxc5 16. g4 Bxe3 17. Qxe3 Nd5 18. Qh3 g6 19. g5 Qc7 20. Rde1 Ra5 21. Ng4 Bc8 22. Qh6 Qe7 23. Re5 Bb7 24. Rxd5 f5 25. Nf6+ Rxf6 26. gxf6 Qxf6 27. Rd7 Bc6 28. Qxh7+ Kf8 29. Rxg6 Qxg6 30. Qh8+ Qg8 31. Qf6+ Ke8 32. Qe7# 1-0

[Event "GBR-ch111 Major Open"]
[Site "Liverpool"]
[Date "2025.08.09"]
[Round "8.14"]
[White "Izod, Chris"]
[Black "Sieczkowski, Adam"]
[Result "0-1"]
[WhiteElo "1944"]
[BlackElo "1806"]
[PlyCount "90"]
[EventDate "2025.08.02"]
[EventType "swiss"]
[EventRounds "9"]
[EventCountry "GBR"]
[SourceTitle "BritBase"]
[Source "John Saunders"]
[SourceDate "2025.08.11"]
[SourceVersion "1"]
[SourceVersionDate "2025.08.11"]
[SourceQuality "1"]

1. d4 Nf6 2. Nf3 g6 3. Nbd2 Bg7 4. e4 O-O 5. Bd3 d6 6. O-O Nc6 7. Re1 e5 8. dxe5 Nxe5 9. Nxe5 dxe5 10. Nc4 Qe7 11. a4 b6 12. c3 Bb7 13. Qc2 Nd7 14. b4 Qe6 15. Ne3 Kh8 16. Bc4 Qe7 17. Ba3 Qh4 18. Bd5 Bxd5 19. Nxd5 c6 20. Ne3 Nf6 21. b5 c5 22. Nc4 Rae8 23. a5 Re6 24. Qe2 Rd8 25. f3 h5 26. a6 Ne8 27. Rad1 Nc7 28. Ne3 Red6 29. Rxd6 Rxd6 30. Rd1 Rxd1+ 31. Nxd1 c4 32. g3 Qd8 33. Ne3 Nxb5 34. Bb4 Qd3 35. Kf2 Nc7 36. Nxc4 Qb1 37. Nd6 Qb3 38. Kg2 Qe6 39. Nb5 Nxa6 40. Nxa7 Nxb4 41. cxb4 Qd7 42. Qa2 b5 43. Qa6 Qd2+ 44. Kh3 Qf2 45. Qc8+ Kh7 0-1

[Event "GBR-ch111 Major Open"]
[Site "Liverpool"]
[Date "2025.08.09"]
[Round "8.15"]
[White "Cowan, Xavier"]
[Black "Rich, Aaron"]
[Result "0-1"]
[WhiteElo "1854"]
[BlackElo "1944"]
[PlyCount "80"]
[EventDate "2025.08.02"]
[EventType "swiss"]
[EventRounds "9"]
[EventCountry "GBR"]
[SourceTitle "BritBase"]
[Source "John Saunders"]
[SourceDate "2025.08.11"]
[SourceVersion "1"]
[SourceVersionDate "2025.08.11"]
[SourceQuality "1"]

1. d4 Nf6 2. c4 Nc6 3. Nc3 e5 4. e3 Bb4 5. Nf3 Bxc3+ 6. bxc3 d6 7. dxe5 dxe5 8. Qxd8+ Kxd8 9. Ba3 h6 10. Rd1+ Ke8 11. Rb1 Ne4 12. Bd3 Nxc3 13. Rb3 e4 14. Rxc3 exd3 15. Rxd3 Be6 16. Rc3 Rd8 17. O-O g5 18. Rcc1 Rg8 19. Bb2 Ke7 20. Nd4 Nb4 21. Rfd1 c5 22. a3 cxd4 23. axb4 dxe3 24. Rxd8 exf2+ 25. Kxf2 Rxd8 26. Ke3 a6 27. b5 axb5 28. cxb5 Re8 29. g3 Bd7 30. b6 Bc6 31. h4 Kd6+ 32. Kf2 gxh4 33. gxh4 Re4 34. Kg3 h5 35. Ba3+ Kd7 36. Bc5 Rg4+ 37. Kh3 Bg2+ 38. Kh2 Bd5 39. Kh3 Be6 40. Rd1+ Rd4+ 0-1

[Event "GBR-ch111 Major Open"]
[Site "Liverpool"]
[Date "2025.08.09"]
[Round "8.16"]
[White "Richmond, Frank"]
[Black "Vadalia, Jainill"]
[Result "0-1"]
[WhiteElo "1836"]
[BlackElo "1929"]
[PlyCount "82"]
[EventDate "2025.08.02"]
[EventType "swiss"]
[EventRounds "9"]
[EventCountry "GBR"]
[SourceTitle "BritBase"]
[Source "John Saunders"]
[SourceDate "2025.08.11"]
[SourceVersion "1"]
[SourceVersionDate "2025.08.11"]
[SourceQuality "1"]

1. e4 d6 2. d4 Nf6 3. Nc3 e5 4. Nf3 Nbd7 5. Bc4 Be7 6. O-O O-O 7. Re1 c6 8. a4 b6 9. h3 Qc7 10. Ba2 Bb7 11. Be3 Rad8 12. Qe2 exd4 13. Nxd4 Rfe8 14. Rad1 Bf8 15. Bf4 Ne5 16. Bh2 Qc8 17. f4 Ng6 18. e5 dxe5 19. fxe5 Bc5 20. Qc4 Nd5 21. Kh1 Bxd4 22. Rxd4 Qf5 23. Nxd5 cxd5 24. Qd3 Qh5 25. Bxd5 Bxd5 26. Rxd5 Rxd5 27. Qxd5 Qf5 28. Qd3 Qe6 29. Bg3 h6 30. b3 Rc8 31. Qd6 Rxc2 32. Qb8+ Kh7 33. Rb1 Qd5 34. Rg1 Qxb3 35. Bh2 Qxa4 36. Bg3 Qb3 37. Kh2 Qe6 38. Qxa7 Nxe5 39. Kh1 Nf3 40. Rf1 Ng5 41. Kh2 Qxh3+ 0-1

[Event "GBR-ch111 Major Open"]
[Site "Liverpool"]
[Date "2025.08.09"]
[Round "8.17"]
[White "Patel, Keatan"]
[Black "Dissanayake, Sathsara"]
[Result "1/2-1/2"]
[WhiteElo "2041"]
[BlackElo "1733"]
[PlyCount "66"]
[EventDate "2025.08.02"]
[EventType "swiss"]
[EventRounds "9"]
[EventCountry "GBR"]
[SourceTitle "BritBase"]
[Source "John Saunders"]
[SourceDate "2025.08.11"]
[SourceVersion "1"]
[SourceVersionDate "2025.08.11"]
[SourceQuality "1"]

1. d4 Nf6 2. Bg5 g6 3. Bxf6 exf6 4. e3 d5 5. g3 Bg7 6. Bg2 O-O 7. Ne2 c6 8. O-O Be6 9. Nd2 f5 10. Nf4 Nd7 11. c4 dxc4 12. Nxe6 fxe6 13. Nxc4 Nb6 14. Qb3 Nxc4 15. Qxc4 Qe7 16. b4 Kh8 17. Rac1 e5 18. dxe5 Qxe5 19. a4 Rad8 20. Rfd1 Qe7 21. h4 Rxd1+ 22. Rxd1 Rd8 23. Rc1 Bb2 24. Rb1 Be5 25. Rc1 a6 26. b5 axb5 27. axb5 cxb5 28. Qxb5 Bxg3 29. fxg3 Qxe3+ 30. Kh2 Qxc1 31. Qe5+ Kg8 32. Qe6+ Kf8 33. Qf6+ Ke8 1/2-1/2

[Event "GBR-ch111 Major Open"]
[Site "Liverpool"]
[Date "2025.08.09"]
[Round "8.18"]
[White "Peart, Alan"]
[Black "Shivakumar, Akshath"]
[Result "1-0"]
[WhiteElo "2065"]
[BlackElo "1901"]
[PlyCount "75"]
[EventDate "2025.08.02"]
[EventType "swiss"]
[EventRounds "9"]
[EventCountry "GBR"]
[SourceTitle "BritBase"]
[Source "John Saunders"]
[SourceDate "2025.08.11"]
[SourceVersion "1"]
[SourceVersionDate "2025.08.11"]
[SourceQuality "1"]

1. e4 c5 2. Nc3 Nc6 3. Bb5 Nd4 4. Nf3 a6 5. Bd3 g6 6. O-O Bg7 7. Re1 e5 8. Nxd4 cxd4 9. Ne2 Ne7 10. c3 dxc3 11. dxc3 O-O 12. c4 Rb8 13. a4 Nc6 14. Nc3 d6 15. Be3 Be6 16. Bf1 f5 17. f3 f4 18. Bf2 g5 19. Qd3 Rf7 20. Red1 Bf8 21. Nd5 g4 22. fxg4 Bxg4 23. Be2 h5 24. h3 Bxe2 25. Qxe2 Qg5 26. Kh1 Rg7 27. Rg1 Nd8 28. g3 Qh6 29. gxf4 exf4 30. Bd4 Rxg1+ 31. Rxg1+ Kf7 32. Qg2 Ne6 33. Qg8+ Ke8 34. Rg6 Qxg6 35. Qxg6+ Kd7 36. Qf7+ Kd8 37. Bb6+ Kc8 38. Qxe6# 1-0

[Event "GBR-ch111 Major Open"]
[Site "Liverpool"]
[Date "2025.08.09"]
[Round "8.19"]
[White "Sanada, Tetsuaki"]
[Black "Gunatilake, Vinuda"]
[Result "0-1"]
[WhiteElo "2021"]
[BlackElo "1851"]
[PlyCount "98"]
[EventDate "2025.08.02"]
[EventType "swiss"]
[EventRounds "9"]
[EventCountry "GBR"]
[SourceTitle "BritBase"]
[Source "John Saunders"]
[SourceDate "2025.08.11"]
[SourceVersion "1"]
[SourceVersionDate "2025.08.11"]
[SourceQuality "1"]

1. Nf3 Nf6 2. g3 d5 3. Bg2 g6 4. O-O c5 5. c4 dxc4 6. Qa4+ Nbd7 7. Qxc4 Bg7 8. e4 O-O 9. e5 Ne8 10. Re1 Nc7 11. Nc3 a6 12. d3 b5 13. Qh4 f6 14. Bh6 Bb7 15. Ne4 Ne6 16. exf6 exf6 17. Bh3 f5 18. Neg5 Nxg5 19. Bxg5 Bf6 20. Bg2 Qc7 21. Bxf6 Nxf6 22. Re6 Qg7 23. Rae1 Bxf3 24. Bxf3 g5 25. Qh3 g4 26. Qg2 gxf3 27. Qxf3 f4 28. Qc6 Rac8 29. Qxa6 fxg3 30. fxg3 Nd5 31. R6e5 Nf4 32. R1e4 Nxd3 33. Re7 Qf6 34. Qxf6 Rxf6 35. Rg4+ Rg6 36. Rh4 Rg7 37. Re2 c4 38. a3 b4 39. axb4 Nxb4 40. Ree4 Rgc7 41. Rhg4+ Kh8 42. Rg5 Rd7 43. Rb5 Rd1+ 44. Kg2 Rd2+ 45. Kh3 Rxb2 46. Re7 Nc6 47. Rxh7+ Kxh7 48. Rxb2 c3 49. Rb7+ Kg6 0-1

[Event "GBR-ch111 Major Open"]
[Site "Liverpool"]
[Date "2025.08.09"]
[Round "8.20"]
[White "McDonagh, Michael"]
[Black "Pick, Freddie"]
[Result "0-1"]
[WhiteElo "1947"]
[BlackElo "1978"]
[PlyCount "90"]
[EventDate "2025.08.02"]
[EventType "swiss"]
[EventRounds "9"]
[EventCountry "GBR"]
[SourceTitle "BritBase"]
[Source "John Saunders"]
[SourceDate "2025.08.11"]
[SourceVersion "1"]
[SourceVersionDate "2025.08.11"]
[SourceQuality "1"]

1. c4 Nf6 2. Nc3 g6 3. e4 d6 4. g3 Bg7 5. Bg2 O-O 6. Nge2 c5 7. O-O Nc6 8. d3 Rb8 9. h3 a6 10. a4 Ne8 11. Be3 Nc7 12. d4 cxd4 13. Nxd4 Ne6 14. Nde2 Nc5 15. Rb1 Nb4 16. b3 Bd7 17. Qd2 Qc7 18. Nd5 Nxd5 19. exd5 Bf5 20. Nd4 Bxb1 21. Rxb1 Nd7 22. f4 Nf6 23. g4 Nd7 24. Bf3 Rfe8 25. Kg2 Nc5 26. f5 Qc8 27. Bh6 Nd7 28. Be4 Ne5 29. Rf1 b5 30. Bxg7 Kxg7 31. axb5 axb5 32. Nxb5 Qc5 33. Nd4 Ra8 34. fxg6 hxg6 35. Rd1 Reb8 36. Qg5 Ra2+ 37. Kh1 Qa7 38. c5 Rh8 39. Bg2 Ra1 40. Nf5+ Kf8 41. Rxa1 Qxa1+ 42. Kh2 gxf5 43. cxd6 Nxg4+ 44. Kg3 Qe1+ 45. Kf3 Qf2# 0-1

[Event "GBR-ch111 Major Open"]
[Site "Liverpool"]
[Date "2025.08.09"]
[Round "8.21"]
[White "Zhu, Pengxiao"]
[Black "Welling, Zac"]
[Result "1/2-1/2"]
[WhiteElo "1938"]
[BlackElo "1970"]
[PlyCount "47"]
[EventDate "2025.08.02"]
[EventType "swiss"]
[EventRounds "9"]
[EventCountry "GBR"]
[SourceTitle "BritBase"]
[Source "John Saunders"]
[SourceDate "2025.08.11"]
[SourceVersion "1"]
[SourceVersionDate "2025.08.11"]
[SourceQuality "1"]

1. d4 d5 2. c4 c6 3. cxd5 cxd5 4. Bf4 Nc6 5. e3 Nf6 6. Nc3 Bf5 7. Nf3 e6 8. Qb3 Bb4 9. Ne5 Bxc3+ 10. bxc3 O-O 11. Nxc6 bxc6 12. Be2 h6 13. O-O Ne4 14. Rfc1 c5 15. dxc5 Nxc5 16. Qb5 Ne4 17. c4 dxc4 18. Qxc4 Rc8 19. Qxc8 Qxc8 20. Rxc8 Rxc8 21. Bf3 Rc2 22. Bxe4 Bxe4 23. h3 Bd5 24. a3 1/2-1/2

[Event "GBR-ch111 Major Open"]
[Site "Liverpool"]
[Date "2025.08.09"]
[Round "8.22"]
[White "Sharma, Josh"]
[Black "Brown, Tom"]
[Result "1/2-1/2"]
[WhiteElo "1925"]
[BlackElo "1961"]
[PlyCount "81"]
[EventDate "2025.08.02"]
[EventType "swiss"]
[EventRounds "9"]
[EventCountry "GBR"]
[SourceTitle "BritBase"]
[Source "John Saunders"]
[SourceDate "2025.08.11"]
[SourceVersion "1"]
[SourceVersionDate "2025.08.11"]
[SourceQuality "1"]

1. e4 c6 2. d4 d5 3. f3 dxe4 4. fxe4 e5 5. Nf3 Bg4 6. c3 Nd7 7. Be2 Bd6 8. Nbd2 Ngf6 9. Nc4 Bc7 10. Nfxe5 Nxe5 11. Nxe5 Bxe2 12. Qxe2 Bxe5 13. dxe5 Nd7 14. e6 fxe6 15. O-O Qe7 16. Be3 Rf8 17. Qh5+ g6 18. Rxf8+ Kxf8 19. Rf1+ Kg8 20. Qg4 a6 21. Bg5 Qc5+ 22. Kh1 Qc4 23. Re1 Rf8 24. h4 Rf1+ 25. Rxf1 Qxf1+ 26. Kh2 Qf7 27. Qg3 e5 28. b3 Qe6 29. Qf3 Kg7 30. Qe3 Nf6 31. Bxf6+ Qxf6 32. Qg5 h6 33. Qxf6+ Kxf6 34. g4 Ke6 35. Kg3 Kd6 36. Kf3 Kc5 37. Ke3 b5 38. Kd3 a5 39. a3 Kd6 40. b4 a4 41. Ke3 1/2-1/2

[Event "GBR-ch111 Major Open"]
[Site "Liverpool"]
[Date "2025.08.09"]
[Round "8.23"]
[White "Patton, Zachary"]
[Black "Buckland, Louis"]
[Result "1-0"]
[WhiteElo "1899"]
[BlackElo "1961"]
[PlyCount "37"]
[EventDate "2025.08.02"]
[EventType "swiss"]
[EventRounds "9"]
[EventCountry "GBR"]
[SourceTitle "BritBase"]
[Source "John Saunders"]
[SourceDate "2025.08.11"]
[SourceVersion "1"]
[SourceVersionDate "2025.08.11"]
[SourceQuality "1"]

1. e4 c6 2. d4 d5 3. e5 c5 4. Nf3 cxd4 5. Qxd4 Nc6 6. Qf4 e6 7. Bd3 Bc5 8. a3 Nge7 9. h4 Ng6 10. Qg3 Qc7 11. Kf1 Bd4 12. Nxd4 Nxd4 13. h5 Nxc2 14. hxg6 Nxa1 15. Nc3 Bd7 16. Bg5 h6 17. gxf7+ Kxf7 18. Nxd5 hxg5 19. Qf3+ 1-0

[Event "GBR-ch111 Major Open"]
[Site "Liverpool"]
[Date "2025.08.09"]
[Round "8.24"]
[White "Schell, Finn"]
[Black "Shankar, Yashwardhan"]
[Result "1/2-1/2"]
[WhiteElo "1956"]
[BlackElo "1761"]
[PlyCount "107"]
[EventDate "2025.08.02"]
[EventType "swiss"]
[EventRounds "9"]
[EventCountry "GBR"]
[SourceTitle "BritBase"]
[Source "John Saunders"]
[SourceDate "2025.08.11"]
[SourceVersion "1"]
[SourceVersionDate "2025.08.11"]
[SourceQuality "1"]

1. e4 c5 2. Nf3 d6 3. d4 cxd4 4. Nxd4 Nf6 5. Nc3 g6 6. Be3 Bg7 7. f3 Nc6 8. Qd2 O-O 9. O-O-O d5 10. exd5 Nxd5 11. Nxc6 bxc6 12. Bd4 e5 13. Bc5 Be6 14. Ne4 Re8 15. h4 f5 16. Ng5 Qf6 17. Nxe6 Rxe6 18. Bc4 Rd8 19. Qg5 Kh8 20. Bb3 Ree8 21. Qxf6 Bxf6 22. g4 e4 23. g5 Be5 24. fxe4 fxe4 25. Bd4 Bxd4 26. Rxd4 Nf4 27. Rxd8 Rxd8 28. Re1 Re8 29. Kd2 Ng2 30. Rg1 Nxh4 31. Rg4 Nf5 32. Ba4 Re6 33. Ke2 c5 34. c3 Rd6 35. Bc2 e3 36. Bxf5 gxf5 37. Rf4 Rd2+ 38. Kxe3 Rxb2 39. a4 Ra2 40. Rxf5 Rxa4 41. Rxc5 Kg7 42. c4 Ra1 43. Kd4 a5 44. Rb5 a4 45. Kc3 Rc1+ 46. Kb4 a3 47. Ra5 Kg6 48. Rxa3 Kxg5 49. Rg3+ Kh4 50. Rd3 h5 51. c5 Kg4 52. Rd4+ Kg3 53. Rd3+ Kg4 54. Rd4+ 1/2-1/2

[Event "GBR-ch111 Major Open"]
[Site "Liverpool"]
[Date "2025.08.09"]
[Round "8.25"]
[White "Keerthi Kumar, Advait"]
[Black "Davis, Colin J"]
[Result "0-1"]
[WhiteElo "1878"]
[BlackElo "1955"]
[PlyCount "124"]
[EventDate "2025.08.02"]
[EventType "swiss"]
[EventRounds "9"]
[EventCountry "GBR"]
[SourceTitle "BritBase"]
[Source "John Saunders"]
[SourceDate "2025.08.11"]
[SourceVersion "1"]
[SourceVersionDate "2025.08.11"]
[SourceQuality "1"]

1. e4 d6 2. d4 Nf6 3. Nc3 g6 4. f4 Bg7 5. Nf3 O-O 6. Bd3 Nc6 7. Be3 e5 8. fxe5 dxe5 9. d5 Ne7 10. Bc5 Ne8 11. Qe2 b6 12. Bb4 Nd6 13. Rd1 Kh8 14. O-O Ng8 15. Nb1 a5 16. Ba3 b5 17. Bxb5 f5 18. exf5 gxf5 19. c4 Qf6 20. Bc6 Ba6 21. Bxd6 cxd6 22. Bxa8 Rxa8 23. Nc3 Ne7 24. a4 Rg8 25. Kh1 Qg6 26. Nb5 f4 27. Nd2 Nf5 28. Qe4 Bf6 29. Rf2 Bh4 30. Re2 Bg3 31. h3 Bf2 32. Nf1 Be3 33. Kh2 Qh5 34. Rde1 Bc5 35. Rd1 Bc8 36. Qf3 Qh6 37. Nc3 Nd4 38. Rxd4 Bxd4 39. Qe4 Bxh3 40. gxh3 Bg1+ 41. Kh1 Qxh3+ 42. Nh2 Bxh2 43. Qxh7+ Kxh7 44. Rxh2 Qh6 45. Ne4 Rg6 46. b3 f3 47. Rxh6+ Kxh6 48. Kh2 Rg4 49. Nxd6 Kg5 50. Ne4+ Rxe4 51. Kg3 Rf4 52. Kf2 e4 53. d6 e3+ 54. Kxe3 f2 55. d7 f1=N+ 56. Kd3 Rf8 57. c5 Kf6 58. Kc4 Ke6 59. c6 Kd6 60. Kb5 Rb8+ 61. Kxa5 Kxc6 62. b4 Ra8# 0-1

[Event "GBR-ch111 Major Open"]
[Site "Liverpool"]
[Date "2025.08.09"]
[Round "8.26"]
[White "Waterfield, Mark B"]
[Black "Savage, Andrew"]
[Result "1-0"]
[WhiteElo "1869"]
[BlackElo "1950"]
[PlyCount "115"]
[EventDate "2025.08.02"]
[EventType "swiss"]
[EventRounds "9"]
[EventCountry "GBR"]
[SourceTitle "BritBase"]
[Source "John Saunders"]
[SourceDate "2025.08.11"]
[SourceVersion "1"]
[SourceVersionDate "2025.08.11"]
[SourceQuality "1"]

1. e4 Nf6 2. e5 Nd5 3. d4 d6 4. c4 Nb6 5. exd6 cxd6 6. Nc3 g6 7. Be3 Bg7 8. Rc1 O-O 9. b3 e5 10. dxe5 dxe5 11. Qxd8 Rxd8 12. c5 N6d7 13. Bc4 Nc6 14. Nf3 h6 15. Nb5 Na5 16. Be2 Nf8 17. O-O Ne6 18. Rfd1 Bd7 19. Nd6 Rab8 20. b4 Nc6 21. b5 Ncd4 22. Bxd4 exd4 23. Bc4 b6 24. Nxf7 Kxf7 25. c6 Bxc6 26. bxc6 Rd6 27. c7 Rc8 28. Re1 d3 29. Rxe6 Rxe6 30. Re1 Rxc7 31. Bxe6+ Kf6 32. Bb3 Kf5 33. g3 g5 34. Nd2 g4 35. Kg2 h5 36. Rd1 Bh6 37. h3 b5 38. hxg4+ hxg4 39. Kf1 a5 40. f3 a4 41. Bd5 Ke5 42. Be4 Kd4 43. Nb3+ axb3 44. Rxd3+ Ke5 45. Rd5+ Ke6 46. axb3 b4 47. Rb5 Bd2 48. Bf5+ Kf6 49. Bxg4 Bc3 50. f4 Re7 51. Rb6+ Kg7 52. Be6 Kf6 53. Bc4+ Kf5 54. Kg2 Re3 55. Rd6 Be1 56. Rd3 Re7 57. Kf3 Bc3 58. Rd6 1-0

[Event "GBR-ch111 Major Open"]
[Site "Liverpool"]
[Date "2025.08.09"]
[Round "8.27"]
[White "Ding, Yiwen"]
[Black "Rastogi, Nayan Keats"]
[Result "1/2-1/2"]
[WhiteElo "1844"]
[BlackElo "1948"]
[PlyCount "38"]
[EventDate "2025.08.02"]
[EventType "swiss"]
[EventRounds "9"]
[EventCountry "GBR"]
[SourceTitle "BritBase"]
[Source "John Saunders"]
[SourceDate "2025.08.11"]
[SourceVersion "1"]
[SourceVersionDate "2025.08.11"]
[SourceQuality "1"]

1. d4 Nf6 2. c4 e6 3. Nf3 d5 4. cxd5 exd5 5. Nc3 Bb4 6. Bg5 h6 7. Bxf6 Qxf6 8. e3 Bf5 9. Bd3 Bxd3 10. Qxd3 O-O 11. O-O c6 12. a3 Bxc3 13. bxc3 Nd7 14. c4 Qe6 15. cxd5 cxd5 16. Rfc1 Rfc8 17. h3 Rc6 18. Rc3 Rac8 19. Rac1 a6 1/2-1/2

[Event "GBR-ch111 Major Open"]
[Site "Liverpool"]
[Date "2025.08.09"]
[Round "8.28"]
[White "Parikh, Naavya"]
[Black "Arnott, Jonathan W"]
[Result "0-1"]
[WhiteElo "1800"]
[BlackElo "2079"]
[PlyCount "94"]
[EventDate "2025.08.02"]
[EventType "swiss"]
[EventRounds "9"]
[EventCountry "GBR"]
[SourceTitle "BritBase"]
[Source "John Saunders"]
[SourceDate "2025.08.11"]
[SourceVersion "1"]
[SourceVersionDate "2025.08.11"]
[SourceQuality "1"]

1. e4 c5 2. Nc3 Nc6 3. Bb5 Nd4 4. Bc4 e6 5. Nge2 Ne7 6. Nxd4 cxd4 7. Ne2 Nc6 8. d3 g6 9. O-O Bg7 10. f4 d5 11. Bb3 dxe4 12. dxe4 Qb6 13. Kh1 Bd7 14. Qe1 Na5 15. Bd2 Nxb3 16. axb3 Qc6 17. e5 Qd5 18. Ra5 Qe4 19. c3 b6 20. Ra2 dxc3 21. bxc3 Bc6 22. Qf2 O-O 23. Nd4 Rfd8 24. Re1 Qd5 25. Be3 Bb7 26. c4 Qe4 27. Nb5 Qd3 28. Rxa7 Rxa7 29. Nxa7 Qxb3 30. Bxb6 Rd3 31. c5 Qd5 32. Rg1 Rd2 33. Qg3 Rb2 34. c6 Rxb6 35. cxb7 Qxb7 36. Qd3 Qxa7 37. h4 Qe7 38. g3 Rb2 39. Qf3 h5 40. Rg2 Qb7 41. Qxb7 Rxb7 42. Rc2 Bf8 43. Kh2 Kg7 44. Rc3 Rb2+ 45. Kh3 Bb4 46. Re3 Rd2 47. g4 Rc2 0-1

[Event "GBR-ch111 Major Open"]
[Site "Liverpool"]
[Date "2025.08.09"]
[Round "8.29"]
[White "Mulukutla, Ayaansh"]
[Black "Nasiri, Fahim"]
[Result "0-1"]
[WhiteElo "1852"]
[BlackElo "2252"]
[PlyCount "78"]
[EventDate "2025.08.02"]
[EventType "swiss"]
[EventRounds "9"]
[EventCountry "GBR"]
[SourceTitle "BritBase"]
[Source "John Saunders"]
[SourceDate "2025.08.11"]
[SourceVersion "1"]
[SourceVersionDate "2025.08.11"]
[SourceQuality "1"]

1. c4 e5 2. Nc3 Nc6 3. Nf3 Bc5 4. a3 a5 5. e3 d6 6. d4 exd4 7. exd4 Bb6 8. d5 Ne5 9. Nxe5 dxe5 10. Bd3 Qh4 11. O-O Bg4 12. Qa4+ Bd7 13. Qc2 Nf6 14. Ne4 Nxe4 15. Bxe4 Bd4 16. Be3 Bxe3 17. fxe3 g6 18. Bf3 f5 19. e4 f4 20. Qb3 b6 21. d6 a4 22. Qb4 c5 23. Qxb6 Rc8 24. Rad1 O-O 25. Rd5 Rc6 26. Qa7 Be6 27. Rxe5 Rxd6 28. Qxa4 Qf6 29. Rxe6 Qxe6 30. Re1 Qe5 31. Rd1 Rfd8 32. Rd5 Rxd5 33. cxd5 Qxb2 34. Qa5 Qc1+ 35. Kf2 Qe3+ 36. Kf1 Rb8 37. Qe1 Qd3+ 38. Qe2 Rb1+ 39. Kf2 Qd4+ 0-1

[Event "GBR-ch111 Major Open"]
[Site "Liverpool"]
[Date "2025.08.09"]
[Round "8.30"]
[White "Williams, John P"]
[Black "Wilkinson, Daniel"]
[Result "0-1"]
[WhiteElo "2027"]
[BlackElo "1889"]
[PlyCount "54"]
[EventDate "2025.08.02"]
[EventType "swiss"]
[EventRounds "9"]
[EventCountry "GBR"]
[SourceTitle "BritBase"]
[Source "John Saunders"]
[SourceDate "2025.08.11"]
[SourceVersion "1"]
[SourceVersionDate "2025.08.11"]
[SourceQuality "1"]

1. e4 e5 2. Nf3 Nc6 3. Bb5 a6 4. Ba4 Nf6 5. O-O Nxe4 6. d4 b5 7. Bb3 d5 8. Nxe5 Nxe5 9. dxe5 Bb7 10. Be3 Be7 11. c3 O-O 12. Nd2 c5 13. Nxe4 dxe4 14. Qg4 Qc8 15. Qg3 Qf5 16. Rad1 Rad8 17. e6 Bd5 18. exf7+ Qxf7 19. Bxd5 Rxd5 20. Qc7 Rd3 21. Qb7 Qe6 22. Rxd3 exd3 23. Rd1 c4 24. a3 h6 25. g3 Bg5 26. Bd4 Rf7 27. Qa8+ Kh7 0-1